Managing change for better public service delivery / (Record no. 78044)
[ view plain ]
| 000 -LEADER | |
|---|---|
| fixed length control field | 00872nam a2200265 a 4500 |
| 001 - CONTROL NUMBER | |
| control field | 78044 |
| 003 - CONTROL NUMBER IDENTIFIER | |
| rucl marc code | BD-RjUL |
| 005 - DATE AND TIME OF LATEST TRANSACTION | |
| control field | 20211209083100.0 |
| 008 - FIXED-LENGTH DATA ELEMENTS--GENERAL INFORMATION | |
| fixed length control field | 210310s2020 nyu||||| |||| 00| 0 eng d |
| 020 ## - INTERNATIONAL STANDARD BOOK NUMBER | |
| International Standard Book Number | 9780367472429 |
| 035 ## - SYSTEM CONTROL NUMBER | |
| System control number | (BD-RjUL) |
| 040 ## - CATALOGING SOURCE | |
| Original cataloging agency | BD-RjUL |
| Language of cataloging | eng |
| Transcribing agency | BD-RjUL |
| 041 ## - LANGUAGE CODE | |
| Language code of text/sound track or separate title | eng |
| 082 ## - DEWEY DECIMAL CLASSIFICATION NUMBER | |
| Edition number | 23 |
| Classification number | 351 |
| Author mark and year | MAN 2020 |
| 245 00 - TITLE STATEMENT | |
| Title | Managing change for better public service delivery / |
| Statement of responsibility, etc. | Edited by M Aslam Alam, Quamrul Alam, Rizwan Khair, Mohammad Rezaul Karim |
| 260 ## - PUBLICATION, DISTRIBUTION, ETC. (IMPRINT) | |
| Place of publication, distribution, etc. | Routledge : |
| Name of publisher, distributor, etc. | Taylor & Francis Ltd. |
| Date of publication, distribution, etc. | 2020 |
| 300 ## - PHYSICAL DESCRIPTION | |
| Pagination | 316 pages, |
| Illustrations | ill.; |
| Size | 22 cm. |
| 650 ## - SUBJECT ADDED ENTRY--TOPICAL TERM | |
| Topical term or geographic name as entry element | Public administration |
| 9 (RLIN) | 245827 |
| Topical term or geographic name as entry element | Public administration |
| General subdivision | Citizen participation |
| 9 (RLIN) | 245828 |
| 700 ## - ADDED ENTRY--PERSONAL NAME | |
| Personal name | Alam, M. Aslam |
| Personal name | Alam, Quamrul |
| Personal name | Khair, Rizwan |
| Personal name | Karim, Mohammad Rezaul |
| 942 ## - ADDED ENTRY ELEMENTS (KOHA) | |
| Source of classification or shelving scheme | Dewey Decimal Classification |
| Koha item type | Books |
| Lost status | Source of classification or shelving scheme | Damaged status | Not for loan | Collection code | Permanent Location | Current Location | Shelving location | Date acquired | Source of acquisition | Total Checkouts | Full call number | Date last seen | Copy number | Koha item type |
|---|---|---|---|---|---|---|---|---|---|---|---|---|---|---|
| Dewey Decimal Classification | Not For Loan | Non-fiction | Central Library, University of Rajshahi | Central Library, University of Rajshahi | Reading Room | 08/02/2021 | Author | 351 MAN 2020 | 10/03/2021 | C-1 | Books |